Les stations de ski les fréquentées des Alpes françaises. - Statistiques

Statistiques générales
  • Ce quiz a été pris 614 fois
  • Le résultat moyen est 9 sur 14
Statistiques - réponses
Indice Station % Correct
Les 3 Vallées Courchevel
90%
Aiguille du Midi Chamonix
85%
Les 3 Vallées Val Thorens
82%
Paradiski La Plagne
79%
Les 3 Vallées Méribel
78%
Lac de T_ _ _ _ _ Tignes
76%
Col de l'Iseran Val-d’Isère
73%
Paradiski Les Arcs
69%
Les 3 Vallées Les Ménuires
59%
Jean Vuarnet, Isabelle Mir, Annie Famose. Avoriaz
49%
Mont-Blanc Saint-Gervais / Les Contamines
38%
Grand Massif Flaine/Morillon
29%
227km de pistes. Les Deux Alpes
29%
Lac de Vonnes Châtel
20%
Aucun quiz correspondant
Distribution des résultats
% des personnes avec chaque résultat
Percentile par nombre de réponses
Votre historique - résultats
Vous n’avez pas pris ce quiz